Glossary of Sanskrit terms in Sri Aurobindo's works. (Record no. 70897)

MARC details
000 -LEADER
fixed length control field 00632nam a22002051 4500
001 - CONTROL NUMBER
control field sa 66007057
003 - CONTROL NUMBER IDENTIFIER
control field DLC
005 - DATE AND TIME OF LATEST TRANSACTION
control field 20260227112301.0
008 - FIXED-LENGTH DATA ELEMENTS--GENERAL INFORMATION
fixed length control field 740123s1966 ii 00010 eng
010 ## - LIBRARY OF CONGRESS CONTROL NUMBER
LC control number sa 66007057
025 ## - OVERSEAS ACQUISITION NUMBER
Overseas acquisition number PL480:I-E-6155
050 0# - LIBRARY OF CONGRESS CALL NUMBER
Classification number PK961
Item number .P3
082 ## - DEWEY DECIMAL CLASSIFICATION NUMBER
Classification number 181.45
100 10 - MAIN ENTRY--PERSONAL NAME
Personal name Pandit, Madhav Pundalik,
Dates associated with a name 1918-
245 10 - TITLE STATEMENT
Title Glossary of Sanskrit terms in Sri Aurobindo's works.
Statement of responsibility, etc. Compiled by M. P. Pandit.
260 0# - PUBLICATION, DISTRIBUTION, ETC.
Place of publication, distribution, etc. [Ahmedabad,
Name of publisher, distributor, etc. Sri Aurobindo Mandal,
Date of publication, distribution, etc. 1966]
300 ## - PHYSICAL DESCRIPTION
Extent 84 p.
Dimensions 21 cm.
600 10 - SUBJECT ADDED ENTRY--PERSONAL NAME
Personal name Ghose, Aurobindo,
Dates associated with a name 1872-1950.
650 #0 - SUBJECT ADDED ENTRY--TOPICAL TERM
Topical term or geographic name entry element Sanskrit language
General subdivision Glossaries, vocabularies, etc.

No items available.

Powered by Koha